[Event "Bodensee Seniors op"]
[Site "Bregenz"]
[Date "2023.05.15"]
[Round "3"]
[White "Povah, Nigel Edward"]
[Black "Taube, Hubertus"]
[Result "1-0"]
[WhiteElo "2210"]
[BlackElo "2003"]
[PlyCount "53"]
[EventDate "2023.05.13"]
[EventType "swiss"]
[EventRounds "7"]
[EventCountry "AUT"]
[SourceTitle "CBM 214 Extra"]
[Source "ChessBase"]
[SourceDate "2023.07.31"]
[SourceVersion "1"]
[SourceVersionDate "2023.07.31"]
[SourceQuality "1"]

1. d4 f5 2. Bg5 Nf6 3. Bxf6 exf6 4. e3 d5 5. c4 Be6 6. cxd5 Bxd5 7. Nc3 Bb4 8. Nge2 c6 9. a3 Ba5 10. Nf4 Bxc3+ 11. bxc3 Bf7 12. Bd3 g6 13. h4 Qe7 14. h5 g5 15. Ne2 Bd5 16. 0-0 Qf7 17. Ng3 f4 18. exf4 gxf4 19. Nf5 Kd8 20. c4 Be6 21. Qf3 Bxf5 22. Bxf5 Nd7 23. Rab1 Nb6 24. d5 Nxc4 25. dxc6 b6 26. Rbd1+ Ke8 27. c7 1-0

[Event "Bad Wiessee Senioren Cup 8th"]
[Site "Bad Wiessee"]
[Date "2019.05.11"]
[Round "1"]
[White "Taube, Hubertus"]
[Black "Bergerhoff, Wilfried"]
[Result "1-0"]
[WhiteElo "2045"]
[BlackElo "1771"]
[PlyCount "107"]
[EventDate "2019.05.11"]
[EventType "swiss"]
[EventRounds "9"]
[EventCountry "GER"]
[SourceTitle "EXT 2020"]
[Source "ChessBase"]
[SourceDate "2019.10.17"]
[SourceVersion "1"]
[SourceVersionDate "2019.10.17"]
[SourceQuality "1"]

1. d4 Nf6 2. c4 g6 3. Nc3 d5 4. cxd5 Nxd5 5. e4 Nxc3 6. bxc3 Bg7 7. Bc4 0-0 8. Ne2 c5 9. Be3 cxd4 10. Bxd4 Nc6 11. 0-0 b6 12. Bxg7 Kxg7 13. Bd5 Bb7 14. Qa4 Na5 15. Rfd1 Bxd5 16. Rxd5 Qc7 17. Qd4+ Kg8 18. Rd7 Qc4 19. Qxc4 Nxc4 20. Rxe7 Rfe8 21. Rxe8+ Rxe8 22. f3 f5 23. Ng3 fxe4 24. Nxe4 Rd8 25. Re1 Kg7 26. Kf2 h6 27. Ke2 Rd7 28. h4 Kf7 29. g3 Ke6 30. Rd1 Rxd1 31. Kxd1 Kf5 32. Ke2 g5 33. hxg5 hxg5 34. Nf2 Ne5 35. Nd1 Nf7 36. Ke3 Ne5 37. g4+ Ke6 38. Ke4 Nc4 39. f4 gxf4 40. Kxf4 Ne5 41. Ne3 Nd3+ 42. Ke4 Ne5 43. a4 Nd7 44. Kd4 Nc5 45. a5 Nb3+ 46. Kc4 Nxa5+ 47. Kb5 Nb3 48. Ka6 Nc5+ 49. Kxa7 Ne4 50. c4 Nd2 51. Kxb6 Nxc4+ 52. Nxc4 Kf6 53. Kc5 Kg5 54. Ne3 1-0

[Event "Arber Seniors op 6th"]
[Site "Bayerisch Eisenstein"]
[Date "2018.08.03"]
[Round "7"]
[White "Glaessl, Matthias"]
[Black "Taube, Hubertus"]
[Result "1-0"]
[WhiteElo "2071"]
[BlackElo "2050"]
[PlyCount "83"]
[EventDate "2018.07.28"]
[EventType "swiss"]
[EventRounds "9"]
[EventCountry "GER"]
[SourceTitle "CBM 185 Extra"]
[Source "ChessBase"]
[SourceDate "2018.07.29"]
[SourceVersion "1"]
[SourceVersionDate "2018.07.29"]
[SourceQuality "1"]

1. e4 c6 2. d4 d5 3. e5 Bf5 4. Nd2 e6 5. Nb3 Nd7 6. Nf3 Qb6 7. a4 a5 8. Be2 Ne7 9. 0-0 h6 10. Ne1 g5 11. Nd3 Bg7 12. Bd2 Qc7 13. f4 gxf4 14. Bxf4 b6 15. Nf2 c5 16. Ng4 cxd4 17. Nxd4 Bxg4 18. Bxg4 Bxe5 19. Bxe6 Bxf4 20. Bxd7+ Kxd7 21. Qg4+ f5 22. Qxf4 Qxf4 23. Rxf4 Rac8 24. Raf1 Rhf8 25. R1f2 Kd6 26. g3 Rf6 27. Kf1 h5 28. Ke1 Ke5 29. Kd2 Rg8 30. Nb5 Rfg6 31. Nd4 Rf6 32. Re2+ Kd6 33. Nb5+ Kd7 34. Nc3 Rg4 35. Rxg4 hxg4 36. Rxe7+ Kxe7 37. Nxd5+ Ke6 38. Nxf6 Kxf6 39. Ke3 Ke5 40. c3 Kd5 41. b3 Kc5 42. Kf4 1-0

[Event "Arber Seniors op 6th"]
[Site "Bayerisch Eisenstein"]
[Date "2018.08.02"]
[Round "6"]
[White "Taube, Hubertus"]
[Black "Selig, Rainer"]
[Result "1/2-1/2"]
[WhiteElo "2050"]
[BlackElo "2030"]
[PlyCount "46"]
[EventDate "2018.07.28"]
[EventType "swiss"]
[EventRounds "9"]
[EventCountry "GER"]
[SourceTitle "CBM 185 Extra"]
[Source "ChessBase"]
[SourceDate "2018.07.29"]
[SourceVersion "1"]
[SourceVersionDate "2018.07.29"]
[SourceQuality "1"]

1. d4 d5 2. c4 c6 3. Nf3 Nf6 4. Nc3 e6 5. Bg5 Nbd7 6. e3 Bd6 7. c5 Bc7 8. b4 h6 9. Bf4 g5 10. Bxc7 Qxc7 11. Be2 e5 12. dxe5 Nxe5 13. Qd4 Nxf3+ 14. Bxf3 Qe7 15. 0-0 0-0 16. a4 Bf5 17. Rfd1 Rfe8 18. Kf1 Nd7 19. e4 dxe4 20. Bxe4 Be6 21. Bc2 Nf6 22. Ne4 Nxe4 23. Qxe4 Qf6 1/2-1/2

[Event "Arber Seniors op 6th"]
[Site "Bayerisch Eisenstein"]
[Date "2018.07.31"]
[Round "4"]
[White "Taube, Hubertus"]
[Black "Neubauer, Bernd"]
[Result "0-1"]
[WhiteElo "2050"]
[BlackElo "2159"]
[PlyCount "100"]
[EventDate "2018.07.28"]
[EventType "swiss"]
[EventRounds "9"]
[EventCountry "GER"]
[SourceTitle "CBM 185 Extra"]
[Source "ChessBase"]
[SourceDate "2018.07.29"]
[SourceVersion "1"]
[SourceVersionDate "2018.07.29"]
[SourceQuality "1"]

1. d4 Nf6 2. c4 e6 3. Nf3 d5 4. cxd5 exd5 5. Nc3 c6 6. Bg5 Be7 7. e3 h6 8. Bh4 Bf5 9. Qb3 Qb6 10. Qxb6 axb6 11. Ne5 Nbd7 12. Nxd7 Kxd7 13. f3 g5 14. Bg3 b5 15. Be5 b4 16. Nd1 Ra5 17. g4 Bg6 18. h4 Rha8 19. hxg5 hxg5 20. Kd2 Rxa2 21. Rxa2 Rxa2 22. Bd3 Bxd3 23. Kxd3 Ra1 24. Nf2 Rxh1 25. Nxh1 Ne8 26. e4 Ke6 27. Nf2 c5 28. b3 b5 29. Bb8 c4+ 30. Kc2 Bd6 31. Ba7 Bg3 32. Nd1 Bf4 33. Bc5 dxe4 34. fxe4 Nf6 35. bxc4 bxc4 36. Bxb4 Nxe4 37. Nc3 Nxc3 38. Kxc3 Kd5 39. Be7 Be3 40. Bf6 Bf2 41. Be5 Be1+ 42. Kc2 Ke6 43. Bg7 Bb4 44. Kd1 f6 45. Ke2 Kf7 46. Bh8 Be7 47. d5 Kg8 48. d6 Bd8 49. Bxf6 Bxf6 50. d7 Kf7 0-1

[Event "Arber Seniors op 6th"]
[Site "Bayerisch Eisenstein"]
[Date "2018.07.29"]
[Round "2"]
[White "Taube, Hubertus"]
[Black "Ketzscher, Roland"]
[Result "1/2-1/2"]
[WhiteElo "2050"]
[BlackElo "1907"]
[PlyCount "73"]
[EventDate "2018.07.28"]
[EventType "swiss"]
[EventRounds "9"]
[EventCountry "GER"]
[SourceTitle "CBM 185 Extra"]
[Source "ChessBase"]
[SourceDate "2018.07.29"]
[SourceVersion "1"]
[SourceVersionDate "2018.07.29"]
[SourceQuality "1"]

1. d4 Nf6 2. c4 e6 3. Nc3 Bb4 4. e3 0-0 5. Bd3 c5 6. Nf3 d5 7. 0-0 Nc6 8. a3 Bxc3 9. bxc3 b6 10. a4 cxd4 11. cxd4 Ba6 12. Ba3 Re8 13. Qe2 Bxc4 14. Bxc4 dxc4 15. Qxc4 Rc8 16. Rfc1 Qd7 17. Qb5 Qb7 18. Rab1 Qa8 19. h3 Na5 20. Ne5 Rxc1+ 21. Rxc1 Rc8 22. Kh2 Rxc1 23. Bxc1 Qc8 24. Bd2 Qc7 25. Bxa5 bxa5 26. g3 h6 27. Qc5 Qb7 28. Qxa5 Qb2 29. Kg2 Ne4 30. Nd3 Qe2 31. Qb5 f6 32. h4 Nd2 33. Qe8+ Kh7 34. Qg6+ Kg8 35. Qe8+ Kh7 36. Qg6+ Kg8 37. Qe8+ 1/2-1/2

[Event "Baden Wuerttemberg-ch Seniors op 4th"]
[Site "Freudenstadt"]
[Date "2018.06.18"]
[Round "4"]
[White "Taube, Hubertus"]
[Black "Mueller, Rudolf"]
[Result "1/2-1/2"]
[WhiteElo "2035"]
[BlackElo "2093"]
[PlyCount "104"]
[EventDate "2018.06.15"]
[EventType "swiss"]
[EventRounds "9"]
[EventCountry "GER"]
[SourceTitle "EXT 2019"]
[Source "ChessBase"]
[SourceDate "2018.10.10"]
[SourceVersion "1"]
[SourceVersionDate "2018.10.10"]
[SourceQuality "1"]

1. d4 b6 2. e4 Bb7 3. Bd3 e6 4. f4 c5 5. c3 cxd4 6. cxd4 Bb4+ 7. Nc3 f5 8. Qe2 fxe4 9. Bxe4 Bxe4 10. Qxe4 Nc6 11. Nf3 Nf6 12. Qd3 0-0 13. 0-0 d5 14. Bd2 Bxc3 15. Bxc3 Ne4 16. Nd2 Nxd2 17. Qxd2 Qf6 18. Rae1 Qf5 19. g3 Rac8 20. Qe2 Rf6 21. g4 Rg6 22. g5 h6 23. h4 h5 24. Qxh5 Rh6 25. Qe2 Rxh4 26. Qxe6+ Qxe6 27. Rxe6 Rg4+ 28. Kh2 Kf7 29. Kh3 Rxg5 30. fxg5+ Kxe6 31. Kg4 Rh8 32. Rf2 Rh1 33. Rf8 Rg1+ 34. Kh5 Ne7 35. Bb4 Rh1+ 36. Kg4 Rd1 37. Bxe7 Kxe7 38. Ra8 Rxd4+ 39. Kf5 Ra4 40. a3 d4 41. Ke4 Kf7 42. Rb8 g6 43. Rc8 Ra5 44. Rc7+ Kf8 45. Kxd4 Rb5 46. Rxa7 Rxb2 47. Rb7 Rb5 48. a4 Rxg5 49. Rxb6 Rg4+ 50. Ke5 Kg7 51. Ra6 Rb4 52. a5 Kh6 1/2-1/2

[Event "Bayern-chI Bank Hofmann 18th"]
[Site "Bad Wiessee"]
[Date "2014.10.26"]
[Round "2"]
[White "Taube, Hubertus"]
[Black "Berchtenbreiter, Maximilian"]
[Result "1/2-1/2"]
[WhiteElo "2041"]
[BlackElo "2396"]
[PlyCount "90"]
[EventDate "2014.10.25"]
[EventType "swiss"]
[EventRounds "9"]
[EventCountry "GER"]
[SourceTitle "EXT 2015"]
[Source "ChessBase"]
[SourceDate "2014.11.20"]
[SourceVersion "1"]
[SourceVersionDate "2014.11.20"]
[SourceQuality "1"]

1. d4 Nf6 2. c4 a6 3. Nc3 c5 4. d5 b5 5. Bg5 b4 6. Bxf6 gxf6 7. Ne4 d6 8. e3 Bg7 9. Ng3 f5 10. Qc2 Qa5 11. Qd2 Rg8 12. Bd3 e6 13. N1e2 Nd7 14. dxe6 fxe6 15. 0-0 Ne5 16. Rfb1 Qb6 17. a3 b3 18. Nf4 Bh6 19. Bf1 Qc6 20. Re1 Kd7 21. Rad1 Rb8 22. Nd3 Nxd3 23. Qxd3 Kc7 24. e4 f4 25. e5 fxg3 26. Qxh7+ Rg7 27. Qxh6 gxf2+ 28. Kxf2 Rf7+ 29. Kg1 dxe5 30. Rxe5 Bb7 31. Rg5 Qe4 32. Rxc5+ Kb6 33. Qd2 Rxf1+ 34. Kxf1 Qxg2+ 35. Qxg2 Bxg2+ 36. Kxg2 Kxc5 37. Re1 Rd8 38. Kf3 Rd3+ 39. Re3 Kxc4 40. h4 e5 41. Ke4 Rd4+ 42. Kxe5 Rxh4 43. Rc3+ Kb5 44. Rxb3+ Kc4 45. Rc3+ Kb5 1/2-1/2

[Event "Bayern-chI Bank Hofmann 15th"]
[Site "Bad Wiessee"]
[Date "2011.10.31"]
[Round "3"]
[White "Michalczak, Thomas"]
[Black "Taube, Hubertus"]
[Result "1-0"]
[WhiteElo "2316"]
[BlackElo "2090"]
[PlyCount "98"]
[EventDate "2011.10.29"]
[EventType "swiss"]
[EventRounds "9"]
[EventCountry "GER"]
[SourceTitle "EXT 2012"]
[Source "ChessBase"]
[SourceDate "2011.11.24"]
[SourceVersion "1"]
[SourceVersionDate "2011.11.24"]
[SourceQuality "1"]

1. e4 c6 2. d4 d5 3. Nc3 dxe4 4. Nxe4 Nf6 5. Nxf6+ exf6 6. c3 Bd6 7. Bd3 0-0 8. Qc2 g6 9. Be3 Be6 10. h4 Bd5 11. Nf3 Bxf3 12. gxf3 f5 13. 0-0-0 f4 14. Bd2 Nd7 15. h5 Qf6 16. hxg6 hxg6 17. Rdg1 Kg7 18. Bf5 Nb6 19. Rg4 Nd5 20. Be4 Rh8 21. Rhg1 Ne7 22. c4 Rh6 23. Bc3 Rah8 24. Qd1 Rh5 25. Kb1 b5 26. c5 Bc7 27. d5 Be5 28. Bxe5 Rxe5 29. d6 Nd5 30. Qd3 g5 31. Qd4 Kf8 32. Rd1 Rh6 33. Bxd5 Rxd5 34. Qxf6 Rxd1+ 35. Kc2 Rxf6 36. Kxd1 Rf5 37. b4 a5 38. a3 Rd5+ 39. Kc2 a4 40. Rg1 Re5 41. Rh1 Ke8 42. Rh8+ Kd7 43. Kd2 Rd5+ 44. Ke2 Re5+ 45. Kf1 Rd5 46. Rf8 Ke6 47. Re8+ Kf6 48. Ke2 Rd4 49. Rc8 Rc4 1-0

[Event "Budapest FS06 FM-A"]
[Site "Budapest"]
[Date "2011.06.14"]
[Round "11"]
[White "Taube, Hubertus"]
[Black "Hocevar, Nikola"]
[Result "1-0"]
[WhiteElo "2086"]
[BlackElo "2034"]
[PlyCount "75"]
[EventDate "2011.06.04"]
[EventType "tourn"]
[EventRounds "11"]
[EventCountry "HUN"]
[SourceTitle "CBM 142 Extra"]
[Source "ChessBase"]
[SourceDate "2011.06.27"]
[SourceVersion "1"]
[SourceVersionDate "2011.06.27"]
[SourceQuality "1"]

1. d4 d5 2. Nf3 c6 3. c4 Nf6 4. Nc3 a6 5. cxd5 cxd5 6. Bg5 e6 7. e3 Nc6 8. Bd3 h6 9. Bh4 Be7 10. 0-0 0-0 11. Rc1 Nh5 12. Bxe7 Qxe7 13. Ne5 Nxe5 14. dxe5 g6 15. f4 Ng7 16. Rf3 Bd7 17. Rh3 h5 18. g4 Rfc8 19. gxh5 gxh5 20. Rxh5 Nxh5 21. Qxh5 f5 22. exf6 Qxf6 23. Qh7+ Kf8 24. Qxd7 Rd8 25. Qh7 Rac8 26. Rc2 Qg7+ 27. Rg2 Qxh7 28. Bxh7 Kf7 29. Bg6+ Ke7 30. Ne2 Kf6 31. h4 e5 32. fxe5+ Kxe5 33. h5 Kf6 34. Rf2+ Kg5 35. Kg2 Rf8 36. Rxf8 Rxf8 37. Nf4 Kg4 38. Nxd5 1-0

[Event "Budapest FS06 FM-A"]
[Site "Budapest"]
[Date "2011.06.11"]
[Round "8"]
[White "Xu, Fei"]
[Black "Taube, Hubertus"]
[Result "1-0"]
[WhiteElo "1951"]
[BlackElo "2086"]
[PlyCount "39"]
[EventDate "2011.06.04"]
[EventType "tourn"]
[EventRounds "11"]
[EventCountry "HUN"]
[SourceTitle "CBM 142 Extra"]
[Source "ChessBase"]
[SourceDate "2011.06.27"]
[SourceVersion "1"]
[SourceVersionDate "2011.06.27"]
[SourceQuality "1"]

1. e4 c6 2. d4 d5 3. Nd2 dxe4 4. Nxe4 Nf6 5. Nxf6+ gxf6 6. Nf3 Bf5 7. c3 Nd7 8. Bf4 Qb6 9. Qd2 0-0-0 10. Bc4 Be6 11. Bxe6 fxe6 12. Qe2 Qb5 13. Qxe6 Qxb2 14. 0-0 h5 15. Nh4 Bh6 16. Rab1 Qa3 17. Bg3 Rdg8 18. Rxb7 Kxb7 19. Qxd7+ Kb6 20. Rb1+ 1-0

[Event "Budapest FS06 FM-A"]
[Site "Budapest"]
[Date "2011.06.10"]
[Round "7"]
[White "Taube, Hubertus"]
[Black "Sverrisson, Nokkvi"]
[Result "1-0"]
[WhiteElo "2086"]
[BlackElo "1881"]
[PlyCount "65"]
[EventDate "2011.06.04"]
[EventType "tourn"]
[EventRounds "11"]
[EventCountry "HUN"]
[SourceTitle "CBM 142 Extra"]
[Source "ChessBase"]
[SourceDate "2011.06.27"]
[SourceVersion "1"]
[SourceVersionDate "2011.06.27"]
[SourceQuality "1"]

1. d4 Nf6 2. c4 e6 3. Nc3 c5 4. d5 exd5 5. cxd5 d6 6. g3 g6 7. Bg2 a6 8. a4 Bg7 9. Nf3 0-0 10. 0-0 Re8 11. h3 Nbd7 12. Kh2 Rb8 13. a5 b5 14. axb6 Nxb6 15. Nd2 Nfd7 16. f4 Qc7 17. e4 c4 18. Na4 Nxa4 19. Qxa4 c3 20. bxc3 Bxc3 21. Ra2 Rb5 22. Rc2 Nb6 23. Qa3 Rc5 24. Nb3 Rc4 25. Be3 Bb4 26. Qxb4 Rxc2 27. Bxb6 Qd7 28. Rf2 Rxf2 29. Bxf2 Bb7 30. Na5 Ba8 31. Qd4 Qc7 32. Be1 Qc2 33. Bc3 1-0

[Event "Budapest FS06 FM-A"]
[Site "Budapest"]
[Date "2011.06.08"]
[Round "5"]
[White "Tran, Minh Thang"]
[Black "Taube, Hubertus"]
[Result "1/2-1/2"]
[WhiteElo "2101"]
[BlackElo "2086"]
[PlyCount "106"]
[EventDate "2011.06.04"]
[EventType "tourn"]
[EventRounds "11"]
[EventCountry "HUN"]
[SourceTitle "CBM 142 Extra"]
[Source "ChessBase"]
[SourceDate "2011.06.27"]
[SourceVersion "1"]
[SourceVersionDate "2011.06.27"]
[SourceQuality "1"]

1. d4 f5 2. Bf4 Nf6 3. e3 e6 4. Nf3 b6 5. Bd3 Bb7 6. c4 Bb4+ 7. Nc3 0-0 8. Qc2 d6 9. 0-0-0 Bxc3 10. Qxc3 Nbd7 11. h4 Qe8 12. h5 Nxh5 13. Rh3 Nxf4 14. exf4 Nf6 15. d5 exd5 16. Bxf5 h6 17. Rg3 Nh5 18. Re1 Nxg3 19. fxg3 Qa4 20. Re7 Rf6 21. Rxc7 Ba6 22. Ng5 Raf8 23. Nh7 dxc4 24. Nxf8 Kxf8 25. Qe3 Qe8 26. Qxe8+ Kxe8 27. Bd7+ Kd8 28. Rxa7 d5 29. Bh3 Bb5 30. Rxg7 d4 31. Kd2 Bc6 32. Rh7 b5 33. a3 Rd6 34. Rg7 Bd7 35. Bxd7 Rxd7 36. Rg6 d3 37. Rxh6 Re7 38. Rh5 Re2+ 39. Kc3 Rc2+ 40. Kd4 d2 41. Rd5+ Kc7 42. Ke3 Rxb2 43. Rxd2 Rb3+ 44. Kd4 Rxa3 45. Kc5 Rb3 46. g4 c3 47. Rc2 b4 48. Kc4 Rb2 49. Kd3 Rb1 50. Kc4 Kd6 51. g3 Ke6 52. g5 Rb2 53. Kd3 Rb1 1/2-1/2

[Event "Munich op"]
[Site "Munich"]
[Date "2010.09.26"]
[Round "2"]
[White "Taube, Hubertus"]
[Black "Meister, Peter"]
[Result "0-1"]
[WhiteElo "2140"]
[BlackElo "2446"]
[PlyCount "78"]
[EventDate "2010.09.25"]
[EventType "swiss"]
[EventRounds "9"]
[EventCountry "GER"]
[SourceTitle "CBM 138 Extra"]
[Source "ChessBase"]
[SourceDate "2010.10.29"]
[SourceVersion "1"]
[SourceVersionDate "2010.10.29"]
[SourceQuality "1"]

1. d4 d5 2. c4 dxc4 3. Nf3 a6 4. a4 Nf6 5. e3 Bg4 6. Bxc4 e6 7. Nbd2 Nc6 8. h3 Bh5 9. 0-0 Bd6 10. Be2 0-0 11. Nc4 Re8 12. Nxd6 cxd6 13. b3 Rc8 14. Ba3 Ne4 15. Rc1 Qa5 16. g4 Bg6 17. Qe1 d5 18. Ne5 Qxe1 19. Rfxe1 Nxe5 20. dxe5 Nd2 21. Bd1 Nb1 22. Rxc8 Rxc8 23. Bb4 Nc3 24. Bxc3 Rxc3 25. Re2 Rc1 26. Rd2 h5 27. Kh2 h4 28. g5 Be4 29. a5 Kh7 30. Rd4 Kg6 31. f3 Bf5 32. e4 dxe4 33. fxe4 Bxe4 34. Rxe4 Rxd1 35. Rxh4 Rd2+ 36. Kg1 Rd5 37. Rb4 Rxe5 38. Rxb7 Rxg5+ 39. Kf2 Rxa5 0-1

[Event "Bayern-chI Bank Hofmann 13th"]
[Site "Bad Wiessee"]
[Date "2009.11.04"]
[Round "6"]
[White "Metz, Hartmut"]
[Black "Taube, Hubertus"]
[Result "1-0"]
[WhiteElo "2276"]
[BlackElo "2151"]
[PlyCount "55"]
[EventDate "2009.10.31"]
[EventType "swiss"]
[EventRounds "9"]
[EventCountry "GER"]
[SourceTitle "EXT 2010"]
[Source "ChessBase"]
[SourceDate "2010.11.25"]
[SourceVersion "1"]
[SourceVersionDate "2010.11.25"]
[SourceQuality "1"]

1. e4 c6 2. d4 d5 3. Nc3 b5 4. exd5 b4 5. Ne4 cxd5 6. Nc5 Nf6 7. Nf3 e6 8. Bd2 a5 9. Bb5+ Nbd7 10. a3 bxa3 11. Rxa3 Bxc5 12. dxc5 0-0 13. c6 Nc5 14. Qa1 a4 15. 0-0 Ba6 16. Bxa6 Rxa6 17. b4 Nce4 18. b5 Nxd2 19. Nxd2 Ra5 20. Rb1 Qb6 21. c4 Rfa8 22. h3 h6 23. Qc3 d4 24. Qb4 Qb8 25. b6 R8a6 26. c5 e5 27. c7 Qb7 28. Nc4 1-0

[Event "Bayern-chI Bank Hofmann 13th"]
[Site "Bad Wiessee"]
[Date "2009.11.01"]
[Round "2"]
[White "Naumann, Alexander"]
[Black "Taube, Hubertus"]
[Result "1-0"]
[WhiteElo "2522"]
[BlackElo "2151"]
[PlyCount "47"]
[EventDate "2009.10.31"]
[EventType "swiss"]
[EventRounds "9"]
[EventCountry "GER"]
[SourceTitle "EXT 2010"]
[Source "ChessBase"]
[SourceDate "2010.11.25"]
[SourceVersion "1"]
[SourceVersionDate "2010.11.25"]
[SourceQuality "1"]

1. d4 f5 2. e4 fxe4 3. Nc3 Nf6 4. Bg5 c6 5. f3 d5 6. fxe4 dxe4 7. Bc4 Bg4 8. Nge2 Nbd7 9. h3 Qa5 10. Bd2 Qh5 11. 0-0 Bxe2 12. Bxe2 Qg6 13. d5 0-0-0 14. dxc6 bxc6 15. Ba6+ Kb8 16. Na4 Qh5 17. Qxh5 Nxh5 18. Rad1 Nhf6 19. Bf4+ Ka8 20. Nc5 e5 21. Bb7+ Kb8 22. Bxe5+ Nxe5 23. Rxd8+ Kc7 24. Rxf8 1-0

[Event "Mittelfranken-chTB1 0809"]
[Site "Mittelfranken"]
[Date "2008.12.07"]
[Round "3.1"]
[White "Justen, Detlef"]
[Black "Taube, Hubertus"]
[Result "1-0"]
[WhiteElo "2131"]
[BlackElo "2031"]
[PlyCount "43"]
[EventDate "2008.10.12"]
[EventType "team"]
[EventRounds "9"]
[EventCountry "GER"]
[SourceTitle "EXT 2011"]
[Source "ChessBase"]
[SourceDate "2010.11.26"]
[SourceVersion "1"]
[SourceVersionDate "2010.11.26"]
[SourceQuality "1"]
[WhiteTeam "Gunzenhausen/Weissenburg"]
[BlackTeam "Nuernberg NT III"]
[WhiteTeamCountry "GER"]
[BlackTeamCountry "GER"]

1. d4 f5 2. Nc3 Nf6 3. Bg5 e6 4. e4 fxe4 5. Nxe4 Be7 6. Bxf6 Bxf6 7. Nf3 Nc6 8. c3 0-0 9. Bb5 Ne7 10. Qd2 b6 11. 0-0-0 Bb7 12. Bd3 a5 13. h4 Nd5 14. Neg5 Bxg5 15. hxg5 g6 16. Rh4 Ne7 17. Ne5 Bxg2 18. f4 d6 19. Qxg2 dxe5 20. Qh3 Rf7 21. Qxe6 Qd5 22. Bc4 1-0